Detalles MARC
| 000 -CABECERA |
| campo de control de longitud fija |
00956nam a22002177a 4500 |
| 003 - IDENTIFICADOR DEL NÚMERO DE CONTROL |
| campo de control |
DO-SdBNP |
| 005 - FECHA Y HORA DE LA ÚLTIMA TRANSACCIÓN |
| campo de control |
20210413104653.0 |
| 007 - CAMPO FIJO DE DESCRIPCIÓN FÍSICA--INFORMACIÓN GENERAL |
| campo de control de longitud fija |
ta |
| 008 - DATOS DE LONGITUD FIJA--INFORMACIÓN GENERAL |
| campo de control de longitud fija |
210413e2013 dr ||||gr|||| 00| e spa d |
| 020 ## - NÚMERO INTERNACIONAL ESTÁNDAR DEL LIBRO |
| Número Internacional Estándar del Libro |
9789945471724 |
| 040 ## - FUENTE DE LA CATALOGACIÓN |
| Centro catalogador/agencia de origen |
DO-SdBNP |
| Lengua de catalogación |
spa |
| Centro/agencia transcriptor |
BNPHU |
| 041 ## - CÓDIGO DE LENGUA |
| Código de lengua original |
spa |
| 082 ## - NÚMERO DE LA CLASIFICACIÓN DECIMAL DEWEY |
| Número de documento/Ítem |
P426e |
| 100 1# - ENTRADA PRINCIPAL--NOMBRE DE PERSONA |
| Nombre de persona |
Peralta A. , Emil A. |
| 9 (RLIN) |
78370 |
| 245 13 - MENCIÓN DE TÍTULO |
| Título |
El gran guerrero / |
| Mención de responsabilidad, etc. |
Emil A. Peralta A. ; Victor José Rosario Andrickson |
| 260 ## - PUBLICACIÓN, DISTRIBUCIÓN, ETC. |
| Lugar de publicación, distribución, etc. |
Santo Domingo : |
| Nombre del editor, distribuidor, etc. |
[s.n.] , |
| Fecha de publicación, distribución, etc. |
2013 |
| 300 ## - DESCRIPCIÓN FÍSICA |
| Extensión |
165 pg. ; |
| Dimensiones |
21 cm. |
| 505 0# - NOTA DE CONTENIDO CON FORMATO |
| Nota de contenido con formato |
Dedicatoria.- |
| Título |
La travesía.-<br/> |
| -- |
¿Para qué soy bueno?.-<br/> |
| -- |
¿Y ahora qué hago?.-<br/><br/> |
| -- |
Cómo subir a la superficie.- |
| -- |
El valor de los valores.- |
| -- |
La energía mueve el universo.- |
| -- |
Suerte Vs probabilidad.- |
| -- |
Libertad, gran tesoro.- |
| -- |
¡Yo elijo mi día!.- |
| -- |
¡Si hubiera hecho algo!.- |
| -- |
¡Aprendiendo del Grande!.- |
| -- |
Los últimos días con el anciano.- |
| 700 ## - PUNTO DE ACCESO ADICIONAL--NOMBRE DE PERSONA |
| Nombre de persona |
Rosario Andrickson , Victor José , |
| Término indicativo de función/relación |
prólogo. |
| 9 (RLIN) |
78371 |
| 942 ## - ELEMENTOS DE PUNTO DE ACCESO ADICIONAL (KOHA) |
| Fuente del sistema de clasificación o colocación |
Dewey Decimal Classification |
| Tipo de ítem Koha |
Libro |